000 00547nam a2200205 i 4500
001 C2-0229499
003 PPAK
005 20180728160231.0
008 001003s my a|||| ||||| | eng d
040 _aPPAK
_beng
_cPPAK
_erda
082 0 4 _a394.269595
_223
090 0 0 _a394.269595
_bPRO
_dKSI
245 0 0 _aProgramme of merdeka celebrations in Kedah
264 1 _aKedah :
300 _a16 pages :
_billustrations ;
_c26 cm
336 _2rdacontent
_atext
337 _2rdamedia
_aunmediated
338 _2rdacarrier
_avolume
942 _ddc
_cB
999 _c149107
_d149107